El Sistema de Seguridad Social en la República Argentina (Registro nro. 25433)

Detalles MARC
000 -LEADER
fixed length control field 00343 a2200109 4500
001 - CONTROL NUMBER
control field ART_11290
005 - DATE AND TIME OF LATEST TRANSACTION
control field 20260410161856.0
008 - FIXED-LENGTH DATA ELEMENTS--GENERAL INFORMATION
fixed length control field 260409a
100 1# - MAIN ENTRY--PERSONAL NAME
Personal name Frediani, Ramón O.
245 10 - TITLE STATEMENT
Title El Sistema de Seguridad Social en la República Argentina
773 0# - HOST ITEM ENTRY
Title Revista de Economía
Related parts - Nº 28 (ene./dic. 1980)
Record control number REV11077

No hay ítems disponibles.